000 007430000a22002170004500
003 LK-CoMWRAF
005 20231218101120.0
008 230817t2005 ||||| |||| 00| 0 eng d
020 _a9759267748
040 _aLK-CoMWRAF
_dLK-CoMWRAF
_eLK-CoMWRAF
041 _aeng
082 _a305.42
_bTUR
245 _aTurkish Civil and Penal Code Reforms from a Gender Perspective:
_bThe Success of Two Nationwide Campaigns
260 _aIstanbul, 2005
_bWomen for Women's Human Rights- New Ways
_c2005
300 _avi, 68 p. : ill. ; 21 cm
650 _aWomen Legal status, laws, - Turkey
650 _aWomen's rights
700 _aAnil, Ela
856 _uhttps://kadinininsanhaklari.org/wp-content/uploads/2018/06/LegalStatus.pdf
942 _cBK
999 _c1615
_d1615